|
|
|
|
| LEADER |
00000nam0a2200000 4500 |
| 001 |
199908 |
| 005 |
20231031184454.0 |
| 010 |
|
|
|a 5020295132
|
| 020 |
|
|
|a RU
|b 91-12937
|
| 035 |
|
|
|a (RuTPU)RU\TPU\book\217966
|
| 090 |
|
|
|a 199908
|
| 100 |
|
|
|a 20110829d1991 k y0rusy5003 ca
|
| 101 |
0 |
|
|a rus
|
| 102 |
|
|
|a RU
|
| 105 |
|
|
|a a z 010zy
|
| 200 |
1 |
|
|a Модель геотектонического развития Центральной Азии
|f А. М. Черезов
|g Академия наук СССР (АН СССР), Сибирское отделение (СО); под ред. В. И. Лебедева
|
| 210 |
|
|
|a Новосибирск
|c Наука
|d 1991
|
| 215 |
|
|
|a 110 с.
|c ил.
|
| 320 |
|
|
|a Библиогр.: с. 106-108.
|
| 610 |
1 |
|
|a Центральная Азия
|
| 610 |
1 |
|
|a геотектоническое развитие
|
| 610 |
1 |
|
|a модель
|
| 610 |
1 |
|
|a геотектонические процессы
|
| 610 |
1 |
|
|a поздний докембрий
|
| 610 |
1 |
|
|a фанерозой
|
| 610 |
1 |
|
|a следствия
|
| 675 |
|
|
|a 551.24.02
|v 3
|
| 700 |
|
1 |
|a Черезов
|b А. М.
|g Александр Матвеевич
|4 070
|
| 702 |
|
1 |
|a Лебедев
|b В. И.
|4 340
|
| 712 |
0 |
2 |
|a Академия наук СССР (АН СССР)
|b Сибирское отделение (СО)
|c (Новосибирск)
|2 stltpush
|3 (RuTPU)RU\TPU\col\11215
|
| 801 |
|
0 |
|a RU
|b RuMRKP
|c 19950417
|g psbo
|
| 801 |
|
1 |
|a RU
|b 63413507
|c 20110829
|
| 801 |
|
2 |
|a RU
|b 63413507
|c 20110831
|g RCR
|
| 942 |
|
|
|c BK
|